000
00336 a2200157 4500
001
176819
020
_a
040
_c
Magnum
100
_a
Junqueira, Sonia
240
1
0
_a
O besouro perdeu a roupa
_l
por
245
1
0
_a
O besouro perdeu a roupa
362
0
_a
1899
440
1
_a
Moderna
697
_a
MAGNITO: I/ANIMAIS
942
_c
BK
999
_c
176819
_d
176819